| 000 | 01178cam a2200325 a 4500 | ||
|---|---|---|---|
| 001 | 15884544 | ||
| 003 | OSt | ||
| 005 | 20180116183018.0 | ||
| 008 | 090828s2011 mnua b 001 0 eng | ||
| 010 | _a 2009935881 | ||
| 020 | _a9781439043233 (student ed.) | ||
| 020 | _a9781439043271 (package student ed.) | ||
| 020 | _a143904323X (student ed.) | ||
| 020 | _a1439043272 (package student ed.) | ||
| 040 |
_aDLC _cDLC _dDLC |
||
| 050 | 0 | 0 |
_aHD30.25 _b.A53 2011 |
| 082 | 0 | 0 |
_a658.403 AND 2011 _222 |
| 100 | _aAnderson Sweeney Williams Martin | ||
| 245 | 0 | 3 |
_aAn introduction to management science _bquantitative approaches to decision making / _cDavid R. Anderson ... [et al.]. |
| 250 | _a13th ed. | ||
| 260 |
_aMason, OH : _bCengage South-Western, _c2010, c2011. |
||
| 300 |
_axxx, 816 p. : _bill. ; _c27 cm. + _e1 CD-ROM (4 3/4 in.) |
||
| 440 | _aAn introduction to management science | ||
| 504 | _aIncludes bibliographical references and index. | ||
| 650 | 0 | _aManagement science. | |
| 700 | 1 |
_aAnderson, David R. _q(David Ray), _d1941- |
|
| 906 |
_a7 _bcbc _corignew _d2 _eepcn _f20 _gy-gencatlg |
||
| 942 |
_2ddc _cBK |
||
| 999 |
_c350459 _d350459 |
||